| 000 | 00586nam a2200217Ia 4500 | ||
|---|---|---|---|
| 003 | OSt | ||
| 005 | 20220509155635.0 | ||
| 008 | 210210b1995 xxu||||| |||| 00| 0 eng d | ||
| 040 |
_aAL _c |
||
| 041 | _aEnglish | ||
| 082 | _a651.7 RAMB | ||
| 100 |
_aRAMESH (M S) _935154 |
||
| 245 | _aBusiness communication: Effective business english and correspondence | ||
| 250 | _a17 | ||
| 260 |
_aNew Delhi. _bR Chand & Co., _c1995 |
||
| 300 | _aviii,614 | ||
| 650 |
_aBusiness Communication, English _935155 |
||
| 700 |
_aPATTANSHETTI (C C). _935157 |
||
| 906 | _a051235 | ||
| 942 |
_2ddc _cBK |
||
| 999 |
_c99601 _d99601 |
||